书目信息 |
| 题名: |
跨国公司经营与管理= Operation and management of transnational corporations
|
|
| 作者: | 卢进勇 , 刘恩专 编著 | |
| 分册: | ||
| 出版信息: | 北京 机械工业出版社 2013.05 |
|
| 页数: | 326页 | |
| 开本: | 20cm | |
| 丛书名: | ||
| 单 册: | ||
| 中图分类: | F276.723-43 | |
| 科图分类: | ||
| 主题词: | 企业经济 | |
| 电子资源: | ||
| ISBN: | 978-7-111-42234-1 | |
| 000 | 00753nam0 2200205 45 | |
| 001 | 2030727487 | |
| 005 | 20201028083323.79 | |
| 010 | @a978-7-111-42234-1@dRMB 39.00 | |
| 100 | @a20201028d2013 km y0chiy0120 ea | |
| 101 | 0 | @achi |
| 102 | @aCN@b110000 | |
| 200 | 1 | @a跨国公司经营与管理= Operation and management of transnational corporations@Akua guo gong si jing ying yu guan li=Operation and management of transnational corporations@f卢进勇, 刘恩专编著@Flu jin yong,liu en zhuan bian zhu |
| 210 | @a北京@c机械工业出版社@d2013.05 | |
| 215 | @a326页@d20cm | |
| 606 | 0 | @a企业经济 |
| 690 | @aF276.723-43@v4 | |
| 701 | 0 | @a卢进勇@Alu jin yong@4编著 |
| 701 | 0 | @a刘恩专@Aliu en zhuan@4编著 |
| 801 | 0 | @aCN@bPFT@c20201028 |
| 905 | @a10447@dF276.723-43@eL785 | |
| 跨国公司经营与管理= Operation and management of transnational corporations/卢进勇, 刘恩专编著.-北京:机械工业出版社,2013.05 |
| 326页;20cm |
| ISBN 978-7-111-42234-1:RMB 39.00 |
| ● |
| 相关链接 |
|
|
|
正题名:跨国公司经营与管理= Operation and manage
索取号:F276.723-43/L785
 
预约/预借
| 序号 | 登录号 | 条形码 | 馆藏地/架位号 | 状态 | 备注 |
| 1 | 1499378 | 214993783 | 社科库409/409社科库 96排4列3层/ [索取号:F276.723-43/L785] | 在馆 |